000 01199cam a2200361 a 4500
001 4202
003 FISKH
005 20240701093233.0
008 020115s2002 nyua b 000 1 eng
010 _a 2002017510
020 _a0060014210
020 _a9780060087807
020 _a0060014229 (lib. bdg.)
040 _aDLC
_cDLC
_dDLC
_beng
050 0 0 _aPZ7.P2185
082 _a813
100 1 _aParish, Herman.
245 1 0 _aCalling Doctor Amelia Bedelia /
_cHerman Parish ; pictures by Lynn Sweat.
260 _aNew York :
_bHarperCollins,
_c2002.
300 _a64 pages :
_bcolor illustrations ;
_c23 cm
490 _aI can read!
_vReading 2 with help
505 _aH
520 _aWhen the literal-minded Amelia Bedelia helps out at her doctor's office one busy day, nothing seems to go quite right until Amelia begins to treat the impatient patients.
521 8 _a440
_bLexile
521 8 _aH
_bRaz-Plus
650 1 _aMedical care
_vFiction.
650 1 _aHousehold employees
_vFiction.
650 1 _aHumorous stories.
700 1 _aSweat, Lynn,
_eillustrator
906 _a7
_bcbc
_corignew
_d1
_eocip
_f20
_gy-gencatlg
942 _2ddc
_cBK
_n0
999 _c4202
_d4202